00429nam a2200145Ia 4500008004100000020001800041041000800059082001700067100001400084245012800098260002000226300000700246365001600253700001400269230718s9999 xx 000 0 und d a9789351103578 aeng a006.7'8bSAR aSarkar P. aVMware vCloud SecuritybMake Your Datacenter Secure And Compliant At Every Level With VMware vCloud Networking and Security c2013bPackt/SPD a98 cRs.b225.00 aSarkar P.